[Event "CZE-chT2B 2223"]
[Site "Czech Republic"]
[Date "2023.01.22"]
[Round "7.7"]
[White "Gorbunov, Artemiy"]
[Black "Vales, Vaclav"]
[Result "0-1"]
[WhiteElo "1801"]
[BlackElo "2050"]
[PlyCount "70"]
[EventDate "2022.10.16"]
[EventType "team-tourn"]
[EventRounds "11"]
[EventCountry "CZE"]
[SourceTitle "EXT 2024"]
[Source "ChessBase"]
[SourceDate "2023.10.10"]
[SourceVersion "1"]
[SourceVersionDate "2023.10.10"]
[SourceQuality "1"]
[WhiteTeam "Aurora"]
[BlackTeam "Decin"]
[WhiteTeamCountry "CZE"]
[BlackTeamCountry "CZE"]

1. e4 c5 2. Nf3 Nc6 3. d4 cxd4 4. Nxd4 Nf6 5. Nc3 e5 6. Ndb5 d6 7. Bg5 a6 8. Na3 Be6 9. Nd5 Bxd5 10. exd5 Qa5+ 11. Qd2 Qxd2+ 12. Bxd2 Nxd5 13. c3 Be7 14. Bd3 0-0 15. Nc2 Nc7 16. 0-0-0 d5 17. f4 e4 18. Be2 Rad8 19. Be3 Rd7 20. Rhf1 b5 21. Bb6 Bd6 22. Ne3 Ne7 23. g3 Rb8 24. Bg4 Rdd8 25. Ba5 Rb7 26. b4 Rf8 27. Bxc7 Rxc7 28. Kb2 f5 29. Be2 Rfc8 30. Rc1 Kf7 31. a4 d4 32. cxd4 Bxb4 33. axb5 axb5 34. Nc2 Bc3+ 35. Kb1 Bd2 0-1

[Event "Arber op 6th"]
[Site "Bodenmais"]
[Date "2017.08.02"]
[Round "5"]
[White "Gorbunov, Artemiy"]
[Black "Fauth, Dietmar"]
[Result "1-0"]
[WhiteElo "1756"]
[BlackElo "2162"]
[PlyCount "45"]
[EventDate "2017.07.29"]
[EventType "swiss"]
[EventRounds "9"]
[EventCountry "GER"]
[SourceTitle "CBM 179 Extra"]
[Source "ChessBase"]
[SourceDate "2017.08.23"]
[SourceVersion "1"]
[SourceVersionDate "2017.08.23"]
[SourceQuality "1"]

1. e4 c5 2. Nf3 Nc6 3. Bb5 Nf6 4. d3 Qa5+ 5. Nc3 Nd4 6. Bc4 b5 7. Bb3 Nxb3 8. cxb3 Bb7 9. 0-0 e6 10. Bg5 Be7 11. e5 Ng8 12. Bd2 Qb6 13. Re1 Nh6 14. Bxh6 gxh6 15. Ne4 Rg8 16. Qd2 Rg6 17. Qf4 Qd8 18. h4 Kf8 19. h5 Rg7 20. Qxh6 Kg8 21. Nf6+ Bxf6 22. exf6 Rg4 23. Ng5 1-0